Statistiche per Mappa delle città d'Europa

Clicka qui per fare il quiz!

Statistiche generali

  • Questo quiz è stato fatto 2.763 volte
  • Il punteggio medio è 31 su 36

Risposte nella Mappa

Le risposte nella mappa del quiz sottostante sono codificate secondo una scala di colori dal rosso al verde in base alla % di persone che hanno risposto correttamente.
Caricamento ...
image/svg+xml
 

Statistiche sulle risposte

Risposta% Corretto
Londra
96%
Lisbona
95%
Milano
95%
Roma
95%
Palermo
95%
Dublino
94%
Napoli
94%
Madrid
93%
Parigi
93%
Reykjavik
92%
Barcellona
92%
Atene
91%
Amsterdam
90%
Manchester
89%
Mosca
88%
Edimburgo
87%
Berlino
86%
Helsinki
86%
Copenaghen
86%
Bruxelles
86%
Marsiglia
84%
Siviglia
84%
Oslo
83%
San Pietroburgo
82%
Varsavia
82%
Stoccolma
82%
Vienna
82%
Monaco di Baviera
81%
Kiev
81%
Praga
80%
Sarajevo
80%
Ginevra
79%
Düsseldorf
77%
Bucarest
76%
Budapest
74%
Belgrado
67%

Distribuzione punteggi

Percentile per numero di risposta

Percentuale di utenti per punteggio

I tuoi punteggi nel tempo

Non hai fatto questo quiz